Variasi beg berkait

Bibliographic Details
Main Author: Hazirah Hamsah
Other Authors: Amizanah Abas
Format: Book
Published: Selangor : Alaf 21 Sdn. Bhd , 2010
Subjects:

MARC

LEADER 00000cam a2200000 7i4500
001 0000035586
005 20130510.0
008 130510
020 |a 9831244937 
090 0 0 |a 746.432   |b HAZ 
100 0 |a Hazirah Hamsah 
245 1 0 |a Variasi beg berkait   |c Hazirah Hamsah & Amizanah Abas 
260 |a Selangor :   |b Alaf 21 Sdn. Bhd ,   |c 2010 
650 0 |a Knitting 
650 0 |a Knitting   |x Patterns 
700 0 |a Amizanah Abas 
999 |a 0001192566   |b Book   |c Adult Collection   |e Cawangan Bandar Penawar 
999 |a 0001192567   |b Book   |c Adult Collection   |e Cawangan Kota Tinggi 
999 |a 0001192568   |b Book   |c Adult Collection   |e Cawangan Bandar Tenggara 
999 |a 0001192569   |b Book   |c Adult Collection   |e Cawangan Mersing 
999 |a 0001192570   |b Book   |c Adult Collection   |e Cawangan Muar 
999 |a 0001192571   |b Book   |c Adult Collection   |e Cawangan Segamat 
999 |a 0001192574   |b Book   |c Adult Collection   |e Cawangan Pontian 
999 |a 0001192576   |b Book   |c Adult Collection   |e Cawangan Tmn. Ungku Tun Aminah 
999 |a 0001192577   |b Book   |c Adult Collection   |e Cawangan Tangkak 
999 |a 0001192578   |b Book   |c Adult Collection   |e Cawangan Bukit Gambir 
999 |a 0001192579   |b Book   |c Adult Collection   |e Perbadanan Perpustakaan Awam Johor